Logo CIB grande

ADMINISTRACION DEL CONTROL DE CALIDAD EN PRODUCTOS HORTIFRUTICOLAS: CALIDAD DE PRODUCTOS HORTIFRUTICOLAS (Registro nro. 226627)

Detalles MARC
000 -LEADER
campo de control de longitud fija 00672nam a2200241Ia 4500
005 - FECHA Y HORA DE LA ÚLTIMA TRANSACCIÓN
campo de control 20250425162318.0
008 - DATOS DE LONGITUD FIJA--INFORMACIÓN GENERAL
campo de control de longitud fija 250425s9999 xx 000 0 und d
041 ## - CÓDIGO DE IDIOMA
Código de lengua del texto/banda sonora o título independiente spa
082 ## - NÚMERO DE LA CLASIFICACIÓN DECIMAL DEWEY
Número de clasificación 664.807
010 ## - NÚMERO DE CONTROL DE LA BIBLIOTECA DEL CONGRESO
Número de control de LC 60763
100 ## - ENTRADA PRINCIPAL--NOMBRE DE PERSONA
Nombre de persona RIOFRIO SAENZ, JOSE
245 #0 - MENCIÓN DEL TÍTULO
Título ADMINISTRACION DEL CONTROL DE CALIDAD EN PRODUCTOS HORTIFRUTICOLAS: CALIDAD DE PRODUCTOS HORTIFRUTICOLAS
250 ## - MENCION DE EDICION
Mención de edición 1A ED.
260 ## - PUBLICACIÓN, DISTRIBUCIÓN, ETC.
Lugar de publicación, distribución, etc. Ecuador
Nombre del editor, distribuidor, etc. PRODUCCION GRAFICA
Fecha de publicación, distribución, etc. 2002
260 ## - PUBLICACIÓN, DISTRIBUCIÓN, ETC.
Lugar de publicación, distribución, etc. GUAYAQUIL
300 ## - DESCRIPCIÓN FÍSICA
Extensión 314
500 ## - NOTA GENERAL
Nota general CONSULTAR 39553 v.2 EN BIBTEC
650 ## - PUNTO DE ACCESO ADICIONAL DE MATERIA--TÉRMINO DE MATERIA
Término de materia o nombre geográfico como elemento de entrada FISIOLOGIA VEGETAL
650 ## - PUNTO DE ACCESO ADICIONAL DE MATERIA--TÉRMINO DE MATERIA
Término de materia o nombre geográfico como elemento de entrada FRUTAS
650 ## - PUNTO DE ACCESO ADICIONAL DE MATERIA--TÉRMINO DE MATERIA
Término de materia o nombre geográfico como elemento de entrada HORTALIZAS
650 ## - PUNTO DE ACCESO ADICIONAL DE MATERIA--TÉRMINO DE MATERIA
Término de materia o nombre geográfico como elemento de entrada OPERACIONES POSTCOSECHA
942 ## - ELEMENTOS DE ENTRADA SECUNDARIOS (KOHA)
Tipo de ítem Koha Libros
Existencias
Estatus retirado Estado de pérdida Estado de daño No para préstamo Biblioteca de origen Biblioteca actual Fecha de adquisición Coste, precio normal de compra Total de préstamos Código de barras Copia número Tipo de ítem Koha
        CENTRO DE INFORMACIÓN BIBLIOTECARIA CENTRO DE INFORMACIÓN BIBLIOTECARIA 28/12/2006 15.00   39553 1 Libros

Copyright 2025 ESPOL. Todos los derechos reservados.